Biologia 12º ano
Gespeichert in:
| 1. Verfasser: | |
|---|---|
| Weitere Verfasser: | |
| Format: | keine Angabe |
| Sprache: | Portugiesisch |
| Erschienen: |
Porto
Porto Editora
2003-
|
| Ausgabe: | [1ª ed. |
| Katalog: | MANES: Suchergebnis im Bibliothekskatalog |
| Schulbuchspezifische Eigenschaften: |
|
| Schriftenreihe: | Guias de estudo
|
| Tags: |
Tag hinzufügen
Keine Tags, Fügen Sie den ersten Tag hinzu!
|
| Hinzugefügt zu: | 26.04.2016 |
| Geändert in: | 25.04.2025 |
MARC
| LEADER | 000000000a22000000004500 | ||
|---|---|---|---|
| 001 | 30611 | ||
| 003 | OSt | ||
| 005 | 20250425111545.0 | ||
| 008 | 160427s pt ||||| |||| 00| 0 por d | ||
| 040 | |c centro_manes | ||
| 041 | 1 | |a por | |
| 100 | 1 | |a Carvalho, La Salete |9 16267 | |
| 245 | 0 | 0 | |a Biologia 12º ano |
| 250 | |a [1ª ed. | ||
| 260 | 3 | |a Porto |b Porto Editora |c 2003- | |
| 300 | |a v.; |c 30 cm | ||
| 440 | |a Guias de estudo |9 15128 | ||
| 500 | |a 1º v. |a 1º v. : Tema 1: Diversidade e origem das espécies; Tema 2: Diversidade de vida; Tema 3: Reino Monera; Tema 4: Reino Protista; Tema 5: Reino Fungi. - 160 p. |a 2º v. |a 3º v. | ||
| 561 | |5 pt-BNP |a Portugal. Biblioteca Nacional de Portugal |k MANES | ||
| 690 | |a CN | ||
| 691 | |a SE | ||
| 700 | 1 | |a Varela, António |9 16268 | |
| 942 | |2 ddc |c BK | ||
| 546 | |a Portugal | ||
| 999 | |c 32073 |d 32073 | ||
| 999 | |c manes:32073 |d 32073 | ||